[Event "Nova Gorica op 25th"]
[Site "Nova Gorica"]
[Date "2020.01.26"]
[Round "4"]
[White "Huse, Sigurd Kjelsbol"]
[Black "Ivsek, Cveto"]
[Result "1-0"]
[WhiteElo "2167"]
[BlackElo "1763"]
[PlyCount "137"]
[EventDate "2020.01.24"]
[EventType "swiss"]
[EventRounds "9"]
[EventCountry "SLO"]
[SourceTitle "CBM 194"]
[Source "ChessBase"]
[SourceDate "2020.01.27"]
[SourceVersion "1"]
[SourceVersionDate "2020.01.27"]
[SourceQuality "1"]

1. e4 c5 2. c3 e6 3. d4 d5 4. exd5 exd5 5. Nf3 a6 6. Bd3 Nf6 7. 0-0 cxd4 8. Nxd4 Be7 9. Bg5 0-0 10. Re1 Nc6 11. Bc2 Nxd4 12. Qxd4 h6 13. Bh4 Re8 14. Nd2 Be6 15. Qd3 Qd6 16. Bxf6 Bxf6 17. Ne4 Qe7 18. Nxf6+ Qxf6 19. Qh7+ Kf8 20. Re3 g5 21. Rae1 Bd7 22. Qd3 Bc6 23. Bb3 Rxe3 24. fxe3 Qe5 25. Qh7 Qg7 26. Qf5 Qg6 27. Qxg6 fxg6 28. Rd1 Re8 29. Bxd5 Bxd5 30. Rxd5 Rxe3 31. Rd7 b5 32. Kf2 Re6 33. Ra7 h5 34. Kf3 Ke8 35. g3 Kd8 36. b3 Rc6 37. Ke4 h4 38. Kd4 Rf6 39. Ke3 Kc8 40. c4 Kb8 41. Rg7 hxg3 42. hxg3 bxc4 43. bxc4 g4 44. Kd4 a5 45. Kc5 a4 46. Kb4 a3 47. Kxa3 Rf3+ 48. Kb4 Rxg3 49. Rxg6 Kb7 50. Kb5 Ra3 51. Rxg4 Rxa2 52. Rg7+ Kb8 53. c5 Rf2 54. Kb6 Rb2+ 55. Kc6 Rd2 56. Rg8+ Ka7 57. Kc7 Rh2 58. Rd8 Rh5 59. c6 Rh1 60. Kc8 Kb6 61. c7 Kc6 62. Rg8 Kc5 63. Rg5+ Kc6 64. Rg6+ Kc5 65. Rf6 Rg1 66. Kd7 Rg7+ 67. Kd8 Rg8+ 68. Ke7 Rh8 69. Rf8 1-0

[Event "NOR-chT Elite 1920"]
[Site "Norway"]
[Date "2019.12.08"]
[Round "3.4"]
[White "Huse, Sigurd Kjelsbol"]
[Black "Machlik, Edit"]
[Result "1/2-1/2"]
[WhiteElo "2188"]
[BlackElo "2062"]
[PlyCount "72"]
[EventDate "2019.11.01"]
[EventType "team-tourn"]
[EventRounds "9"]
[EventCountry "NOR"]
[SourceTitle "CBM 194 Extra"]
[Source "ChessBase"]
[SourceDate "2020.03.31"]
[SourceVersion "1"]
[SourceVersionDate "2020.03.31"]
[SourceQuality "1"]
[WhiteTeam "Nordstrand"]
[BlackTeam "Tromsoe"]
[WhiteTeamCountry "NOR"]
[BlackTeamCountry "NOR"]

1. e4 c6 2. d4 d5 3. exd5 cxd5 4. Bd3 Nc6 5. c3 Nf6 6. Bf4 g6 7. h3 Bf5 8. Bxf5 gxf5 9. Nd2 e6 10. Qb3 Qd7 11. Ngf3 Rg8 12. Rg1 0-0-0 13. Ne5 Nxe5 14. Bxe5 Ne4 15. Nxe4 fxe4 16. c4 Bd6 17. Bf6 Be7 18. Bxe7 Qxe7 19. 0-0-0 dxc4 20. Qxc4+ Qc7 21. Qc3 Kb8 22. g4 f5 23. g5 Qd6 24. Qg3 Qxg3 25. Rxg3 Rd5 26. h4 Kc7 27. f3 exf3 28. Rxf3 h6 29. gxh6 Rh8 30. Rf4 Rxh6 31. Rg1 Rd7 32. Kc2 Kd6 33. Kd3 Rdh7 34. Rh1 Kd5 35. Ke3 Rh5 36. Kf3 Rc7 1/2-1/2

[Event "NOR-ch Master"]
[Site "Larvik"]
[Date "2019.07.09"]
[Round "5"]
[White "Hobber, Anders"]
[Black "Huse, Sigurd Kjelsbol"]
[Result "1-0"]
[WhiteElo "2294"]
[BlackElo "2122"]
[PlyCount "43"]
[EventDate "2019.07.05"]
[EventType "swiss"]
[EventRounds "9"]
[EventCountry "NOR"]
[SourceTitle "EXT 2024"]
[Source "ChessBase"]
[SourceDate "2023.10.10"]
[SourceVersion "1"]
[SourceVersionDate "2023.10.10"]
[SourceQuality "1"]

1. d4 d5 2. Bf4 Nf6 3. e3 c5 4. c3 e6 5. Nd2 Nbd7 6. Bd3 Be7 7. Ngf3 0-0 8. Ne5 Qb6 9. Rb1 Bd6 10. Bg3 Qc7 11. f4 b6 12. 0-0 Bb7 13. Qf3 c4 14. Bc2 b5 15. Bh4 Qa5 16. Qh3 g6 17. Ndf3 Qc7 18. Ng5 h6 19. Nxe6 fxe6 20. Qxe6+ Kg7 21. Nxd7 Rae8 22. Bxf6+ 1-0

[Event "Lisbon Portugal op"]
[Site "Lisbon"]
[Date "2019.02.06"]
[Round "5"]
[White "Pacan Milej, Kosma"]
[Black "Huse, Sigurd Kjelsbol"]
[Result "1-0"]
[WhiteElo "2273"]
[BlackElo "2080"]
[PlyCount "45"]
[EventDate "2019.02.02"]
[EventType "swiss"]
[EventRounds "9"]
[EventCountry "POR"]
[SourceTitle "CBM 188 Extra"]
[Source "ChessBase"]
[SourceDate "2019.02.26"]
[SourceVersion "1"]
[SourceVersionDate "2019.02.26"]
[SourceQuality "1"]

1. d4 d5 2. c4 c6 3. Nf3 Nf6 4. Nc3 a6 5. Qc2 e6 6. e4 dxc4 7. Bxc4 b5 8. Bd3 Bb7 9. 0-0 Qc7 10. e5 Nfd7 11. Ne4 c5 12. dxc5 Nxe5 13. Nxe5 Qxe5 14. Re1 Qd5 15. Bf1 Nc6 16. Bf4 Nd4 17. Qc3 Nf5 18. Rad1 Qc6 19. g4 Nh4 20. Bg5 Be7 21. Bxh4 Bxh4 22. Qxg7 Ke7 23. Qh6 1-0

[Event "Rilton Cup 48th"]
[Site "Stockholm"]
[Date "2019.01.04"]
[Round "8"]
[White "Petersson, Baldur Teodor"]
[Black "Huse, Sigurd Kjelsbol"]
[Result "0-1"]
[WhiteElo "2148"]
[BlackElo "2064"]
[PlyCount "50"]
[EventDate "2018.12.27"]
[EventType "swiss"]
[EventRounds "9"]
[EventCountry "SWE"]
[SourceTitle "CBM 188 Extra"]
[Source "ChessBase"]
[SourceDate "2019.02.26"]
[SourceVersion "1"]
[SourceVersionDate "2019.02.26"]
[SourceQuality "1"]

1. e4 e5 2. Nf3 Nf6 3. Nxe5 d6 4. Nxf7 Kxf7 5. d4 c5 6. dxc5 Qa5+ 7. Nc3 Qxc5 8. Be3 Qc6 9. Bb5 Qc7 10. 0-0 Be7 11. Qd3 Be6 12. f4 Rc8 13. h3 Kg8 14. g4 Nbd7 15. g5 Nc5 16. Qd4 Nfd7 17. f5 Bf7 18. g6 hxg6 19. fxg6 Bxg6 20. Bc4+ Kh7 21. Bf7 Bxf7 22. Rxf7 Bf6 23. Qd5 Qd8 24. Rf1 Qe8 25. Rf5 Ne6 0-1

[Event "Rilton Cup 48th"]
[Site "Stockholm"]
[Date "2019.01.03"]
[Round "7"]
[White "Lund, Gunnar"]
[Black "Huse, Sigurd Kjelsbol"]
[Result "1-0"]
[WhiteElo "2228"]
[BlackElo "2064"]
[PlyCount "53"]
[EventDate "2018.12.27"]
[EventType "swiss"]
[EventRounds "9"]
[EventCountry "SWE"]
[SourceTitle "CBM 188 Extra"]
[Source "ChessBase"]
[SourceDate "2019.02.26"]
[SourceVersion "1"]
[SourceVersionDate "2019.02.26"]
[SourceQuality "1"]

1. e4 e5 2. Bc4 Nf6 3. d3 c6 4. Nf3 d5 5. Bb3 Bb4+ 6. Bd2 Bxd2+ 7. Nbxd2 Nbd7 8. 0-0 0-0 9. exd5 cxd5 10. Re1 Re8 11. Nf1 Qc7 12. Ne3 d4 13. Nf1 b5 14. Ng5 Re7 15. f4 Bb7 16. Ng3 Rf8 17. f5 Nc5 18. N5e4 Qc6 19. Qd2 Nxb3 20. axb3 a6 21. Nxf6+ gxf6 22. Re4 Kh8 23. Qh6 Rg8 24. Nh5 Ree8 25. Nxf6 Rg7 26. Rg4 Reg8 27. Qxh7+ 1-0

[Event "Rilton Cup 48th"]
[Site "Stockholm"]
[Date "2019.01.02"]
[Round "6"]
[White "Huse, Sigurd Kjelsbol"]
[Black "Larsen, Karsten"]
[Result "0-1"]
[WhiteElo "2064"]
[BlackElo "2256"]
[PlyCount "86"]
[EventDate "2018.12.27"]
[EventType "swiss"]
[EventRounds "9"]
[EventCountry "SWE"]
[SourceTitle "CBM 188 Extra"]
[Source "ChessBase"]
[SourceDate "2019.02.26"]
[SourceVersion "1"]
[SourceVersionDate "2019.02.26"]
[SourceQuality "1"]

1. e4 e5 2. Nf3 Nc6 3. Bb5 Bc5 4. Bxc6 dxc6 5. 0-0 f6 6. d3 Bg4 7. Be3 Bb6 8. Nbd2 Ne7 9. Nc4 0-0 10. h3 Bh5 11. Qe2 Nc8 12. Nxb6 axb6 13. Bd2 Nd6 14. Qe3 Nb5 15. a4 Nd6 16. Nh4 Qd7 17. Bc3 g5 18. Qg3 Qg7 19. Nf5 Nxf5 20. exf5 c5 21. Qe3 Be8 22. a5 Bc6 23. axb6 cxb6 24. b4 Qd7 25. bxc5 bxc5 26. Qxc5 Rac8 27. Qb4 Qxf5 28. Rfe1 Rfd8 29. Ra5 Qd7 30. Re3 Bd5 31. Rg3 Kf7 32. Bd2 h6 33. h4 Rg8 34. hxg5 hxg5 35. c4 Bc6 36. Bc3 Rcd8 37. Qb2 Rde8 38. Ra1 Qf5 39. d4 exd4 40. Bxd4 Rh8 41. Qc3 g4 42. Rf1 Qh5 43. f3 Re2 0-1

[Event "Rilton Cup 48th"]
[Site "Stockholm"]
[Date "2018.12.29"]
[Round "3"]
[White "Maze, Sebastien"]
[Black "Huse, Sigurd Kjelsbol"]
[Result "1-0"]
[WhiteElo "2596"]
[BlackElo "2064"]
[PlyCount "103"]
[EventDate "2018.12.27"]
[EventType "swiss"]
[EventRounds "9"]
[EventCountry "SWE"]
[SourceTitle "CBM 188 Extra"]
[Source "ChessBase"]
[SourceDate "2019.02.26"]
[SourceVersion "1"]
[SourceVersionDate "2019.02.26"]
[SourceQuality "1"]

1. e4 e5 2. Nf3 Nf6 3. Nc3 Nc6 4. Bb5 Bb4 5. 0-0 0-0 6. d3 Bxc3 7. bxc3 d6 8. Re1 Ne7 9. d4 c6 10. Bd3 Ng6 11. h3 Re8 12. c4 Qc7 13. Bb2 c5 14. d5 Nf4 15. Bf1 h6 16. Nh4 Qd8 17. Nf5 g6 18. Ng3 Nh7 19. Ne2 Nxe2+ 20. Rxe2 Qh4 21. Re3 Bd7 22. a4 f5 23. g3 Qg5 24. Rb3 f4 25. Bc1 Rab8 26. Rab1 b6 27. a5 Qf6 28. axb6 axb6 29. gxf4 exf4 30. Qf3 Rf8 31. Rxb6 Rxb6 32. Rxb6 Ng5 33. Qd3 Nf7 34. Bb2 Ne5 35. Qa3 f3 36. Qe3 h5 37. Rb7 Rf7 38. Qh6 Re7 39. Kh1 Be8 40. Rb8 h4 41. Kg1 Kf7 42. Bc1 g5 43. Qxg5 Nd7 44. Rb3 Qxg5+ 45. Bxg5 Rxe4 46. Rxf3+ Kg7 47. Bd3 Re1+ 48. Kg2 Ne5 49. Bf6+ Kh6 50. Bxe5 dxe5 51. Rf8 Bd7 52. Rf7 1-0

[Event "Rilton Cup 48th"]
[Site "Stockholm"]
[Date "2018.12.28"]
[Round "2"]
[White "Huse, Sigurd Kjelsbol"]
[Black "Priebe, Jan"]
[Result "1-0"]
[WhiteElo "2064"]
[BlackElo "2254"]
[PlyCount "141"]
[EventDate "2018.12.27"]
[EventType "swiss"]
[EventRounds "9"]
[EventCountry "SWE"]
[SourceTitle "CBM 188 Extra"]
[Source "ChessBase"]
[SourceDate "2019.02.26"]
[SourceVersion "1"]
[SourceVersionDate "2019.02.26"]
[SourceQuality "1"]

1. e4 c5 2. Nf3 Nc6 3. Bb5 g6 4. Bxc6 bxc6 5. 0-0 Bg7 6. c3 Nf6 7. e5 Nd5 8. d4 cxd4 9. Qxd4 0-0 10. Qh4 f6 11. exf6 exf6 12. Rd1 Ne7 13. c4 d5 14. cxd5 cxd5 15. Nc3 Be6 16. Nd4 Bf7 17. Bh6 Rc8 18. Bxg7 Kxg7 19. Rd3 Qb6 20. Rd2 Rc4 21. Nce2 Nc6 22. b3 Rc5 23. Rad1 Re8 24. Ng3 Re5 25. Qg4 Nxd4 26. Qxd4 Ra5 27. Qxb6 axb6 28. Ne2 Re7 29. Nd4 Rc7 30. a4 Rac5 31. f4 Kf8 32. Nb5 Re7 33. Kf2 Re4 34. g3 Be6 35. Rd4 Ke7 36. R1d2 h5 37. R4d3 Rb4 38. Nd4 Kd7 39. Re3 Bh3 40. Nc2 Rxc2 41. Rxc2 Bf5 42. Rb2 d4 43. Rd2 Kc6 44. Re8 d3 45. Rb2 Rd4 46. Ke3 Kc5 47. h4 Rd6 48. b4+ Kc4 49. Kd2 Rd7 50. a5 bxa5 51. b5 Rb7 52. b6 Kc5 53. Ra8 Rxb6 54. Rxa5+ Kc6 55. Rxb6+ Kxb6 56. Ra8 Kc5 57. Rd8 Kc4 58. Ke3 Kc3 59. Rd6 Kc2 60. Rxf6 Kd1 61. Ra6 Kc2 62. Ra2+ Kb3 63. Rd2 Kc3 64. Ra2 Kb3 65. Rh2 Kc3 66. Rd2 Kc4 67. Rd1 Kc3 68. Rc1+ Kb2 69. Kd2 Kb3 70. Rc3+ Kb4 71. Rxd3 1-0

[Event "NOR-ch U20"]
[Site "Sarpsborg"]
[Date "2018.07.14"]
[Round "9"]
[White "Vitenberg, Noam Aviv"]
[Black "Huse, Sigurd Kjelsbol"]
[Result "1-0"]
[WhiteElo "2220"]
[BlackElo "2085"]
[PlyCount "101"]
[EventDate "2018.07.07"]
[EventType "swiss"]
[EventRounds "9"]
[EventCountry "NOR"]
[SourceTitle "EXT 2024"]
[Source "ChessBase"]
[SourceDate "2023.10.10"]
[SourceVersion "1"]
[SourceVersionDate "2023.10.10"]
[SourceQuality "1"]

1. d4 d5 2. c4 c6 3. Nf3 Nf6 4. Nc3 a6 5. g3 dxc4 6. Bg2 b5 7. Ne5 Bb7 8. b3 cxb3 9. axb3 e6 10. 0-0 Bd6 11. Qc2 Qc7 12. Bb2 c5 13. Nxb5 axb5 14. Rxa8 Bxg2 15. Rxb8+ Qxb8 16. Kxg2 0-0 17. Nf3 cxd4 18. Bxd4 Rc8 19. Qb2 Be7 20. Ra1 h6 21. Kg1 Qc7 22. Ra7 Qd8 23. Rb7 Rb8 24. Rxb8 Qxb8 25. Qc2 Qb7 26. Ne5 Nd5 27. Qc6 Qxc6 28. Nxc6 Bf6 29. Bxf6 gxf6 30. Nd4 Nc7 31. Kg2 f5 32. Kf3 Kg7 33. e4 Kf6 34. exf5 exf5 35. Ke3 Kg5 36. f4+ Kf6 37. Nc6 Ke6 38. Kd4 Kd6 39. Ne5 Ne6+ 40. Kc3 Nd8 41. Kb4 Nc6+ 42. Kxb5 Nd8 43. b4 f6 44. Nf3 Nc6 45. Nh4 Ne7 46. Ka6 h5 47. b5 Kc7 48. h3 Nd5 49. Nxf5 Kb8 50. h4 Ka8 51. Ng7 1-0

[Event "Oslo Sveins op 11th"]
[Site "Oslo"]
[Date "2018.06.22"]
[Round "1"]
[White "Elsness, Frode"]
[Black "Huse, Sigurd Kjelsbol"]
[Result "1-0"]
[WhiteElo "2478"]
[BlackElo "2029"]
[PlyCount "83"]
[EventDate "2018.06.22"]
[EventType "swiss"]
[EventRounds "9"]
[EventCountry "NOR"]
[SourceTitle "CBM 185 Extra"]
[Source "ChessBase"]
[SourceDate "2018.07.29"]
[SourceVersion "1"]
[SourceVersionDate "2018.07.29"]
[SourceQuality "1"]

1. d4 d5 2. c4 c6 3. Nc3 Nf6 4. e3 a6 5. Nf3 Bf5 6. Ne5 h6 7. Qb3 Ra7 8. cxd5 cxd5 9. Bd2 e6 10. Rc1 Nbd7 11. Bb5 Bd6 12. Nxd7 Nxd7 13. Bxd7+ Qxd7 14. Na4 Qd8 15. Nb6 Bc7 16. Ba5 0-0 17. 0-0 Qd6 18. g3 Bd3 19. Rxc7 Bxf1 20. Nc8 b6 21. Nxd6 Rxc7 22. Bc3 Bb5 23. Nxb5 axb5 24. Qxb5 Rb8 25. Kf1 f6 26. Ke2 Kf7 27. Kd3 Rbb7 28. a4 Rd7 29. g4 g5 30. f3 Rdc7 31. Qa6 Rd7 32. Qa8 b5 33. axb5 Rxb5 34. Qh8 Rbb7 35. Qxh6 Rdc7 36. Qh7+ Ke8 37. Qg8+ Ke7 38. Qg7+ Kd6 39. Qxf6 Rh7 40. Qxg5 Rbf7 41. Qd8+ Kc6 42. Qc8+ 1-0

[Event "Stjernen NGP A"]
[Site "Oslo"]
[Date "2018.06.10"]
[Round "5"]
[White "Huse, Sigurd Kjelsbol"]
[Black "Ingebretsen, Jens E"]
[Result "1/2-1/2"]
[WhiteElo "2029"]
[BlackElo "1999"]
[PlyCount "119"]
[EventDate "2018.06.08"]
[EventType "swiss"]
[EventRounds "6"]
[EventCountry "NOR"]
[SourceTitle "EXT 2024"]
[Source "ChessBase"]
[SourceDate "2023.10.10"]
[SourceVersion "1"]
[SourceVersionDate "2023.10.10"]
[SourceQuality "1"]

1. e4 e5 2. Nf3 Nc6 3. Bb5 Nd4 4. Nxd4 exd4 5. 0-0 Bc5 6. d3 c6 7. Bc4 d5 8. exd5 cxd5 9. Bb5+ Bd7 10. Bxd7+ Qxd7 11. Nd2 Ne7 12. Nb3 Bb6 13. Bg5 f6 14. Bd2 a5 15. Qh5+ g6 16. Qh6 Nf5 17. Rfe1+ Kf7 18. Qh3 a4 19. Nc1 Rac8 20. c3 a3 21. Rb1 axb2 22. Rxb2 dxc3 23. Bxc3 Rxc3 24. Rxb6 Re8 25. Qxh7+ Ng7 26. Rf1 Qc8 27. Qh6 Rh8 28. Rxb7+ Qxb7 29. Qxh8 Qb2 30. Nb3 Qxa2 31. Nd4 Qa4 32. Nf3 Rxd3 33. h3 Rd1 34. Rxd1 Qxd1+ 35. Kh2 d4 36. Qd8 d3 37. Qd5+ Kf8 38. Qd8+ Ne8 39. h4 Qc2 40. Kh3 Qe2 41. Kh2 Kg8 42. Qd5+ Kh7 43. Qd7+ Ng7 44. h5 gxh5 45. Qd4 Ne8 46. Qf4 Kg6 47. Kg3 Ng7 48. Kh3 Nf5 49. Kh2 Nh6 50. Nh4+ Kg7 51. Qc7+ Nf7 52. Qg3+ Kf8 53. Qb8+ Ke7 54. Nf5+ Kd7 55. Qb7+ Ke8 56. Qc8+ Nd8 57. Nd6+ Ke7 58. Nf5+ Ke8 59. Nd6+ Ke7 60. Nf5+ 1/2-1/2

[Event "Kragero op"]
[Site "Kragero"]
[Date "2018.02.25"]
[Round "8"]
[White "Huse, Sigurd Kjelsbol"]
[Black "Ingebretsen, Jens E"]
[Result "0-1"]
[WhiteElo "1993"]
[BlackElo "2174"]
[PlyCount "94"]
[EventDate "2018.02.21"]
[EventType "swiss"]
[EventRounds "9"]
[EventCountry "NOR"]
[SourceTitle "CBM 183 Extra"]
[Source "ChessBase"]
[SourceDate "2018.04.19"]
[SourceVersion "1"]
[SourceVersionDate "2018.04.19"]
[SourceQuality "1"]

1. e4 e5 2. Nf3 Nc6 3. Bb5 a6 4. Bxc6 dxc6 5. 0-0 Qf6 6. d3 Bg4 7. Be3 Bxf3 8. Qxf3 Qxf3 9. gxf3 c5 10. Nd2 f6 11. f4 exf4 12. Bxf4 0-0-0 13. a4 Ne7 14. Nc4 Nc6 15. Kg2 Nd4 16. Ne3 h5 17. h3 Bd6 18. Bxd6 Rxd6 19. f4 Rg8 20. Rf2 g6 21. Kh2 Kb8 22. Rg1 g5 23. fxg5 fxg5 24. Rgf1 Ka7 25. Rf7 g4 26. Rxc7 Nf3+ 27. Kh1 Rg5 28. Rh7 Rf6 29. h4 Rgg6 30. Rxh5 c4 31. Rf5 cxd3 32. cxd3 Rb6 33. h5 Rg8 34. Nc4 Rb3 35. Rd5 b5 36. axb5 axb5 37. Rd7+ Kb8 38. Nd6 Rb4 39. Ra1 Ra4 40. Rxa4 bxa4 41. Nf5 Rg5 42. Ng3 Rb5 43. Rf7 Rxb2 44. Nf1 Rf2 45. h6 g3 46. Rxf3 g2+ 47. Kg1 gxf1R# 0-1

[Event "Prague op 17th"]
[Site "Prague"]
[Date "2018.01.14"]
[Round "4"]
[White "Ivanenko, Olga I"]
[Black "Huse, Sigurd Kjelsbol"]
[Result "1-0"]
[WhiteElo "2280"]
[BlackElo "2086"]
[PlyCount "69"]
[EventDate "2018.01.12"]
[EventType "swiss"]
[EventRounds "9"]
[EventCountry "CZE"]
[SourceTitle "CBM 182 Extra"]
[Source "ChessBase"]
[SourceDate "2018.02.23"]
[SourceVersion "1"]
[SourceVersionDate "2018.02.23"]
[SourceQuality "1"]

1. b3 Nf6 2. Bb2 e6 3. e3 b6 4. Nc3 Bb7 5. d4 Be7 6. Nge2 d5 7. Qd2 Nbd7 8. f3 c5 9. 0-0-0 0-0 10. Kb1 a5 11. g4 a4 12. Nxa4 c4 13. Nac3 Bc6 14. bxc4 dxc4 15. e4 Bb4 16. Qf4 b5 17. d5 exd5 18. exd5 Bb7 19. Nxb5 Bxd5 20. Nec3 Qa5 21. Nxd5 Nxd5 22. Qxc4 Ne3 23. Qd4 Qxa2+ 24. Kc1 Nf6 25. Qxe3 Rfc8 26. Bd3 Rab8 27. Qd4 Bc5 28. Qe5 Bb6 29. Rhe1 Re8 30. Qd6 Ba5 31. Rxe8+ Rxe8 32. g5 Nd5 33. Qd7 Rd8 34. Qf5 g6 35. Qe5 1-0

[Event "Oslo op"]
[Site "Fornebu"]
[Date "2017.10.05"]
[Round "8"]
[White "Huse, Sigurd Kjelsbol"]
[Black "Kyrkjebo, Erlend"]
[Result "1-0"]
[WhiteElo "1876"]
[BlackElo "2122"]
[PlyCount "99"]
[EventDate "2017.09.29"]
[EventType "swiss"]
[EventRounds "10"]
[EventCountry "NOR"]
[SourceTitle "CBM 181 Extra"]
[Source "ChessBase"]
[SourceDate "2017.12.12"]
[SourceVersion "1"]
[SourceVersionDate "2017.12.12"]
[SourceQuality "1"]

1. e4 c5 2. Nf3 Nc6 3. Bb5 Qb6 4. Nc3 e6 5. Bxc6 bxc6 6. 0-0 Ba6 7. Re1 d6 8. d3 e5 9. Nd2 g5 10. Nf1 h6 11. Ng3 Ne7 12. Nh5 0-0-0 13. Rb1 Bb7 14. a3 d5 15. exd5 cxd5 16. b4 Ng6 17. Bd2 d4 18. bxc5 Qc6 19. Qg4+ Kb8 20. Ne4 Nh4 21. Bxg5 f5 22. Qxh4 hxg5 23. Qxg5 Bxc5 24. Qxf5 Bb6 25. Rec1 Qh6 26. Nef6 Ka8 27. Qxe5 Rc8 28. h3 Rc5 29. Qe7 Rxh5 30. Nxh5 Qxh5 31. Qe6 Qg5 32. Qg4 Qd8 33. Qe2 Bc7 34. Re1 Qd6 35. g3 Bc6 36. Qe6 Qxe6 37. Rxe6 Bd5 38. Ree1 a5 39. h4 Bf3 40. Rb5 Bd8 41. Rf5 Bb7 42. f3 Rg8 43. Kf2 Bb6 44. g4 Rc8 45. Re2 Kb8 46. h5 a4 47. h6 Bc5 48. h7 Rh8 49. Rxc5 Rxh7 50. Kg3 1-0

[Event "Helsingor Xtracon op"]
[Site "Helsingor"]
[Date "2017.07.29"]
[Round "9"]
[White "Huse, Sigurd Kjelsbol"]
[Black "Shehzad, Shazil Khan"]
[Result "0-1"]
[WhiteElo "1944"]
[BlackElo "1678"]
[PlyCount "90"]
[EventDate "2017.07.22"]
[EventType "swiss"]
[EventRounds "10"]
[EventCountry "DEN"]
[SourceTitle "CBM 179 Extra"]
[Source "ChessBase"]
[SourceDate "2017.08.23"]
[SourceVersion "1"]
[SourceVersionDate "2017.08.23"]
[SourceQuality "1"]

1. e4 c5 2. Nf3 e6 3. d4 cxd4 4. Nxd4 a6 5. c4 Nf6 6. Nc3 Qc7 7. a3 d6 8. Be2 Nbd7 9. 0-0 b6 10. Be3 Bb7 11. f3 Rc8 12. Rc1 Be7 13. Qd2 Ne5 14. b3 0-0 15. a4 Nc6 16. Nxc6 Bxc6 17. Qd4 Rb8 18. Ra1 Rfd8 19. Rfc1 Qb7 20. Qd3 Ra8 21. b4 d5 22. b5 axb5 23. cxb5 Be8 24. exd5 Nxd5 25. Qe4 f5 26. Qxe6+ Bf7 27. Qxf5 Nxe3 28. Qe4 Qxe4 29. Nxe4 Bg6 30. Kf2 Ng4+ 31. Kg3 Bxe4 32. fxe4 Ne5 33. Bc4+ Nxc4 34. Rxc4 Bf6 35. Rac1 Rd4 36. Rxd4 Bxd4 37. Rc4 Bc5 38. Kf4 Kf7 39. Ke5 Ke7 40. h3 g6 41. g4 Rd8 42. Rc2 Rd3 43. Rxc5 bxc5 44. b6 Rb3 45. a5 Rb5 0-1

[Event "Helsingor Xtracon op"]
[Site "Helsingor"]
[Date "2017.07.27"]
[Round "7"]
[White "Huse, Sigurd Kjelsbol"]
[Black "Nielsen, John Bauneborg"]
[Result "1/2-1/2"]
[WhiteElo "1944"]
[BlackElo "2125"]
[PlyCount "69"]
[EventDate "2017.07.22"]
[EventType "swiss"]
[EventRounds "10"]
[EventCountry "DEN"]
[SourceTitle "CBM 179 Extra"]
[Source "ChessBase"]
[SourceDate "2017.08.23"]
[SourceVersion "1"]
[SourceVersionDate "2017.08.23"]
[SourceQuality "1"]

1. e4 c5 2. Nf3 Nc6 3. Bb5 g6 4. Bxc6 dxc6 5. d3 Bg7 6. 0-0 Nf6 7. h3 0-0 8. Nc3 Nd7 9. Be3 e5 10. Qd2 Re8 11. Bh6 Nf8 12. Bxg7 Kxg7 13. Ne2 Qd6 14. Qc3 f6 15. Nd2 Ne6 16. Nc4 Qc7 17. Qd2 Nd4 18. Nxd4 cxd4 19. f4 b5 20. Na5 Bd7 21. fxe5 Qxe5 22. b4 c5 23. bxc5 Rac8 24. Qf2 Be6 25. Nb3 Red8 26. Rac1 b4 27. Ra1 Rd7 28. a3 bxa3 29. Rxa3 Bxb3 30. cxb3 Rxc5 31. Ra6 Rf7 32. Ra4 Rc3 33. Qxd4 Qxd4+ 34. Rxd4 Rxb3 35. Ra1 1/2-1/2